00625nam a2200169 i 4500001000700000003000700007005001700014008004100031080001700072100004200089245009100131250002500222260005800247300003000305651003000335852009000365105808SpMaBN20250920063053.0180419q1912 sp a |||| |aspa d a914.3(079.3)1 aMurúa y Valerdi, Agustín, d1874-10aTres años en Alemania b: memorias de un pensionado / cAgustín Murúa y Valerdi. a2ª ed. corr. y aum. aBarcelona : bSdad. Gral. de Publicaciones, c[1912?] a400 p. : bil. ; c19 cm. 7aAlemania-xDescripción. aES-MaACLjL-31927 z. - Donat. herederos de la bibl. de Mª del Pilar Costa Palacín